Real Estate Taxation

Bibliographic Details
Format: Book
Published: New York : Thomson RIA , 1973
Subjects:

MARC

LEADER 00000cam a2200000 7i4500
001 0000018903
005 20070416.0
022 0 |a 0093-5107 
040 |a INS 
090 0 0 |a HJ4181.A1   |b J68 
245 0 0 |a Real Estate Taxation 
260 |a New York :   |b Thomson RIA ,   |c 1973 
300 |a 1 v. (various pages) :   |b col. ill. ;   |c 28 cm. 
310 |a Quarterly 
650 0 0 |a Real propertytax   |z United States   |x Periodicals 
850 |a Library has 2006 
999 |a SER0002250   |b BOOK   |c Open Shelf   |e Default branch 
999 |a SER0006683   |b BOOK   |c Open Shelf   |e Default branch 
999 |a SER0007140   |b BOOK   |c Open Shelf   |e Default branch 
999 |a SER0007406   |b BOOK   |c Open Shelf   |e Default branch 
999 |a SER0007788   |b BOOK   |c Open Shelf   |e Default branch 
999 |a SER0007991   |b BOOK   |c Open Shelf   |e Default branch